Mensaje a la nación: dirigido al pueblo ecuatoriano por el señor abogado Jaime Roldós Aguilera, presidente constitucional de la república, al asumir el mando el 10 de agosto de 1979
Збережено в:
| Автор: | |
|---|---|
| Формат: | Текст |
| Опубліковано: |
Quito:
Editora Nacional
|
| Теги: |
Додати тег
Немає тегів, Будьте першим, хто поставить тег для цього запису!
|
MARC
| LEADER | 00000 a a2200000 04500 | ||
|---|---|---|---|
| 001 | 24097 | ||
| 003 | |||
| 040 | |||
| 090 | |a 167900 | ||
| 100 | |a Roldós Aguilera, Jaime | ||
| 245 | |a Mensaje a la nación: dirigido al pueblo ecuatoriano por el señor abogado Jaime Roldós Aguilera, presidente constitucional de la república, al asumir el mando el 10 de agosto de 1979 | ||
| 260 | |a Quito: |b Editora Nacional | ||
| 300 | |b il. | ||
| 999 | |c 13491 |d 13491 | ||
